[Event "Moscow op-C"]
[Site "Moscow"]
[Date "2011.02.05"]
[Round "8"]
[White "Gutenev, Alexander"]
[Black "Dusenov, Ruslan"]
[Result "1-0"]
[WhiteElo "2328"]
[BlackElo "2285"]
[PlyCount "131"]
[EventDate "2011.01.29"]
[EventType "swiss"]
[EventRounds "9"]
[EventCountry "RUS"]
[SourceTitle "EXT 2012"]
[Source "ChessBase"]
[SourceDate "2011.11.24"]
[SourceVersion "1"]
[SourceVersionDate "2011.11.24"]
[SourceQuality "1"]

1. e4 c5 2. Nf3 d6 3. d4 cxd4 4. Nxd4 Nf6 5. Nc3 g6 6. Be3 Bg7 7. f3 0-0 8. Qd2 Nc6 9. 0-0-0 d5 10. exd5 Nxd5 11. Nxc6 bxc6 12. Bd4 e5 13. Bc5 Be6 14. Ne4 Re8 15. h4 h5 16. Bc4 Nf4 17. Qe1 Qc7 18. Bxe6 Nxe6 19. Bd6 Qb6 20. g4 Nd4 21. Qf1 Rab8 22. Bxb8 Rxb8 23. b3 Qa5 24. Kb1 Nb5 25. Rg1 Na3+ 26. Kb2 Nxc2 27. Rd2 Nb4 28. Kb1 Nxa2 29. Rxa2 Rxb3+ 30. Rb2 Ra3 31. Kc2 Qa4+ 32. Kd2 Qd4+ 33. Kc2 Qa4+ 34. Kd2 Qd4+ 35. Kc1 hxg4 36. Rb8+ Bf8 37. Qe1 Qc4+ 38. Kb1 Qa2+ 39. Kc1 Qc4+ 40. Kb1 Qd3+ 41. Kb2 Qd4+ 42. Nc3 gxf3 43. Rf1 Qd6 44. Rb3 Rxb3+ 45. Kxb3 Qd3 46. Qf2 Be7 47. h5 gxh5 48. Qg3+ Kf8 49. Rxf3 Qd6 50. Qh3 Qb4+ 51. Kc2 Qg4 52. Qf1 Qg6+ 53. Kb2 h4 54. Rf5 Kg7 55. Qf3 f6 56. Rh5 Bb4 57. Ne4 Be7 58. Nc3 a5 59. Rxh4 f5 60. Rh2 e4 61. Qe2 Qd6 62. Rg2+ Kf6 63. Qh5 Qd3 64. Rg6+ Ke5 65. Qh8+ Kf4 66. Qh2+ 1-0

[Event "Moscow op-C"]
[Site "Moscow"]
[Date "2011.02.03"]
[Round "6"]
[White "Dusenov, Ruslan"]
[Black "Shukh, Nikolai"]
[Result "1/2-1/2"]
[WhiteElo "2285"]
[BlackElo "2442"]
[PlyCount "69"]
[EventDate "2011.01.29"]
[EventType "swiss"]
[EventRounds "9"]
[EventCountry "RUS"]
[SourceTitle "EXT 2012"]
[Source "ChessBase"]
[SourceDate "2011.11.24"]
[SourceVersion "1"]
[SourceVersionDate "2011.11.24"]
[SourceQuality "1"]

1. e4 c5 2. d4 cxd4 3. c3 d3 4. Bxd3 Nc6 5. c4 g6 6. Nf3 Bg7 7. 0-0 d6 8. h3 Nf6 9. Nc3 0-0 10. Bg5 h6 11. Be3 Nd7 12. Qd2 Kh7 13. Nd5 Nde5 14. Be2 Be6 15. Nd4 Bxd5 16. cxd5 Nxd4 17. Bxd4 Nd7 18. Bxg7 Kxg7 19. Qd4+ Kh7 20. Rfc1 a5 21. Rc3 Rc8 22. Rac1 Rxc3 23. Rxc3 Nc5 24. a3 a4 25. Qb4 Qb8 26. Qb6 Nxe4 27. Rc7 Nc5 28. Rxe7 Kg7 29. Qb4 Qd8 30. Qd4+ Kg8 31. Qe3 Qb6 32. Qd4 Qd8 33. Qe3 Qb6 34. Qd4 Qd8 35. Qe3 1/2-1/2

[Event "Astrakhan Cup"]
[Site "Astrakhan"]
[Date "2008.08.??"]
[Round "?"]
[White "Dusenov, Ruslan"]
[Black "Khamitskiy, Sergei"]
[Result "0-1"]
[WhiteElo "2293"]
[BlackElo "2324"]
[PlyCount "118"]
[EventDate "2008.08.??"]
[EventType "tourn"]
[EventRounds "11"]
[EventCountry "RUS"]
[EventCategory "3"]
[SourceTitle "EXT 2010"]
[Source "ChessBase"]
[SourceDate "2010.11.25"]
[SourceVersion "1"]
[SourceVersionDate "2010.11.25"]
[SourceQuality "1"]

1. e4 e6 2. d4 d5 3. Nc3 Bb4 4. e5 c5 5. a3 Bxc3+ 6. bxc3 Qc7 7. Nf3 Ne7 8. a4 Nbc6 9. Be2 cxd4 10. cxd4 Nb4 11. Rb1 a5 12. Bd3 Bd7 13. Bd2 Nxd3+ 14. cxd3 0-0 15. 0-0 Bc6 16. Nh4 Qd7 17. Ra1 Ng6 18. Nxg6 fxg6 19. Ra2 h6 20. Qb3 Rfb8 21. Rc1 Ra6 22. h3 Qe8 23. Rc5 b6 24. Rc1 b5 25. axb5 Rxb5 26. Qc2 Bd7 27. Rca1 Qd8 28. Qd1 Qb6 29. Ra4 Kh7 30. Kh2 Rb2 31. Bxa5 Qa7 32. R4a3 Qxd4 33. Bc3 Qf4+ 34. Kh1 Rxa3 35. Bxb2 Rxa1 36. Bxa1 Qxf2 37. Bc3 d4 38. Qe1 Qf4 39. Bb2 Bc6 40. Kg1 Qf5 41. Bxd4 Qxd3 42. Qf2 Qe4 43. Bb2 Bd5 44. Bd4 Qb1+ 45. Kh2 Qe4 46. Bb2 g5 47. Bd4 Qd3 48. Bc5 Be4 49. Bf8 Qd5 50. Bd6 Kg6 51. Qe2 Bf5 52. Qb2 Qe4 53. Bc7 Qf4+ 54. Kg1 h5 55. Qb8 Kh7 56. Bd6 g4 57. hxg4 hxg4 58. Qb4 Qe3+ 59. Kh1 g3 0-1

[Event "Astrakhan Cup"]
[Site "Astrakhan"]
[Date "2008.08.??"]
[Round "?"]
[White "Shaginjan, Armen"]
[Black "Dusenov, Ruslan"]
[Result "0-1"]
[WhiteElo "2352"]
[BlackElo "2293"]
[PlyCount "64"]
[EventDate "2008.08.??"]
[EventType "tourn"]
[EventRounds "11"]
[EventCountry "RUS"]
[EventCategory "3"]
[SourceTitle "EXT 2010"]
[Source "ChessBase"]
[SourceDate "2010.11.25"]
[SourceVersion "1"]
[SourceVersionDate "2010.11.25"]
[SourceQuality "1"]

1. e4 c5 2. Nf3 Nc6 3. Bb5 g6 4. 0-0 Bg7 5. c3 Nf6 6. Qe2 0-0 7. Rd1 d5 8. e5 Ne8 9. d4 cxd4 10. cxd4 Nc7 11. Bxc6 bxc6 12. h3 Ne6 13. Nc3 f6 14. exf6 Rxf6 15. Ne5 Rf5 16. Nf3 Qd6 17. Be3 Bd7 18. Qd2 Raf8 19. Ne1 Nf4 20. Ne2 Nxe2+ 21. Qxe2 Rh5 22. Nd3 Rh4 23. f4 g5 24. Bf2 Rh6 25. fxg5 Rg6 26. h4 h6 27. Re1 hxg5 28. hxg5 Rxg5 29. Qxe7 Qg6 30. Qxd7 Rxg2+ 31. Kf1 Qxd3+ 32. Kxg2 Qf3+ 0-1

[Event "RUS-ch 60th zt"]
[Site "Rostov on Don"]
[Date "2007.03.??"]
[Round "4"]
[White "Cherepovskaya, Margarita"]
[Black "Dusenov, Ruslan"]
[Result "0-1"]
[WhiteElo "2067"]
[BlackElo "2301"]
[PlyCount "38"]
[EventDate "2007.03.16"]
[EventType "swiss"]
[EventRounds "9"]
[EventCountry "RUS"]
[SourceTitle "EXT 2022"]
[Source "ChessBase"]
[SourceDate "2021.10.06"]
[SourceVersion "1"]
[SourceVersionDate "2021.10.06"]
[SourceQuality "1"]

1. e4 c6 2. d4 d5 3. exd5 cxd5 4. c3 Nf6 5. Bf4 Nc6 6. Nf3 g6 7. h3 Bg7 8. Bd3 Bf5 9. Bxf5 gxf5 10. Ne5 Ne4 11. Qh5 Nxe5 12. Bxe5 Bxe5 13. dxe5 Qb6 14. Qe2 Rg8 15. Kf1 0-0-0 16. Na3 d4 17. Nc4 Qc6 18. Na5 d3 19. Qd2 Qa6 0-1

[Event "RUS-ch 60th zt"]
[Site "Rostov on Don"]
[Date "2007.03.??"]
[Round "2"]
[White "Gulinsky, Vladimir"]
[Black "Dusenov, Ruslan"]
[Result "1-0"]
[WhiteElo "2004"]
[BlackElo "2301"]
[PlyCount "70"]
[EventDate "2007.03.16"]
[EventType "swiss"]
[EventRounds "9"]
[EventCountry "RUS"]
[SourceTitle "EXT 2022"]
[Source "ChessBase"]
[SourceDate "2021.10.06"]
[SourceVersion "1"]
[SourceVersionDate "2021.10.06"]
[SourceQuality "1"]

1. e4 c5 2. Nf3 Nc6 3. d4 cxd4 4. Nxd4 Nf6 5. Nc3 e5 6. Ndb5 d6 7. Bg5 a6 8. Na3 b5 9. Nd5 Be7 10. Bxf6 Bxf6 11. c3 Bg5 12. Bd3 0-0 13. 0-0 Kh8 14. Nc2 f5 15. exf5 Bxf5 16. Bxf5 Rxf5 17. Nce3 Rf8 18. a4 bxa4 19. Qxa4 Ne7 20. Nxe7 Qxe7 21. Nd5 Qb7 22. Qd1 Rf5 23. b4 Qc6 24. c4 Raf8 25. Qd3 e4 26. Qxe4 Rf4 27. b5 Rxe4 28. bxc6 Rxc4 29. Rxa6 Rc5 30. Rd1 Rc8 31. c7 Kg8 32. Rxd6 Kf7 33. Rd7+ Kg6 34. f4 Rxd5 35. R1xd5 Bxf4 1-0

[Event "Saratov Aratovsky Memorial 6th"]
[Site "Saratov"]
[Date "2006.12.05"]
[Round "9"]
[White "Dusenov, Ruslan"]
[Black "Schepetkova, Margarita"]
[Result "1/2-1/2"]
[WhiteElo "2300"]
[BlackElo "2165"]
[PlyCount "102"]
[EventDate "2006.11.27"]
[EventType "swiss"]
[EventRounds "9"]
[EventCountry "RUS"]
[SourceTitle "EXT 2008"]
[Source "ChessBase"]
[SourceDate "2007.11.25"]
[SourceVersion "1"]
[SourceVersionDate "2007.11.25"]
[SourceQuality "1"]

1. e4 c6 2. d4 d5 3. exd5 cxd5 4. c4 Nf6 5. Nc3 g6 6. Qb3 Bg7 7. cxd5 0-0 8. Be2 Nbd7 9. Bf3 Nb6 10. Nge2 Bf5 11. 0-0 Qd7 12. a4 Bd3 13. d6 Bc4 14. Qd1 exd6 15. b3 Ba6 16. Re1 Rac8 17. a5 Na8 18. Bg5 Nc7 19. Nf4 Rce8 20. Qd2 Qf5 21. Bxf6 Qxf6 22. Red1 Qf5 23. Nfd5 Nxd5 24. Nxd5 Be2 25. Bxe2 Qxd5 26. Bf3 Qxb3 27. Rab1 Qa4 28. Bxb7 Bxd4 29. Qf4 Bxf2+ 30. Qxf2 Qxa5 31. Rxd6 Re5 32. Ra6 Qc3 33. Rxa7 Rfe8 34. Ra8 Rxa8 35. Bxa8 Kg7 36. h3 h5 37. Kh2 Qa5 38. Rb4 Rf5 39. Qb2+ Kh7 40. Be4 Rf1 41. Rb8 f6 42. Rb7+ Kh6 43. Rd7 Rf4 44. Bf3 h4 45. Qb8 Rxf3 46. gxf3 Qa2+ 47. Kg1 Qa1+ 48. Kf2 Qa2+ 49. Kg1 Qa1+ 50. Kg2 Qa2+ 51. Kf1 Qa1+ 1/2-1/2

[Event "Saratov Aratovsky Memorial 6th"]
[Site "Saratov"]
[Date "2006.12.03"]
[Round "7"]
[White "Dusenov, Ruslan"]
[Black "Rjanova, Valery"]
[Result "1-0"]
[WhiteElo "2300"]
[BlackElo "2049"]
[PlyCount "53"]
[EventDate "2006.11.27"]
[EventType "swiss"]
[EventRounds "9"]
[EventCountry "RUS"]
[SourceTitle "EXT 2008"]
[Source "ChessBase"]
[SourceDate "2007.11.25"]
[SourceVersion "1"]
[SourceVersionDate "2007.11.25"]
[SourceQuality "1"]

1. e4 c5 2. d4 cxd4 3. c3 d3 4. Bxd3 Nc6 5. c4 d6 6. Nc3 g6 7. h3 Bg7 8. Nf3 Nf6 9. 0-0 0-0 10. Bg5 Nd7 11. Rc1 Nc5 12. Bb1 a5 13. Qd2 Re8 14. Nd5 Be6 15. Bh6 Bxd5 16. exd5 Ne5 17. Nxe5 dxe5 18. Bxg7 Kxg7 19. f4 Qb6 20. Kh1 exf4 21. Rxf4 Qd6 22. Rcf1 Rf8 23. Rh4 h5 24. Rxh5 Rh8 25. Qd4+ f6 26. Qg4 f5 27. Rhxf5 1-0

[Event "Saratov Aratovsky Memorial 6th"]
[Site "Saratov"]
[Date "2006.12.02"]
[Round "6"]
[White "Korchmar, Arkady"]
[Black "Dusenov, Ruslan"]
[Result "1/2-1/2"]
[WhiteElo "2103"]
[BlackElo "2300"]
[PlyCount "54"]
[EventDate "2006.11.27"]
[EventType "swiss"]
[EventRounds "9"]
[EventCountry "RUS"]
[SourceTitle "EXT 2008"]
[Source "ChessBase"]
[SourceDate "2007.11.25"]
[SourceVersion "1"]
[SourceVersionDate "2007.11.25"]
[SourceQuality "1"]

1. e4 c5 2. Nf3 Nc6 3. d4 cxd4 4. Nxd4 Nf6 5. Nc3 e5 6. Ndb5 d6 7. Bg5 a6 8. Na3 b5 9. Nd5 Be7 10. Bxf6 Bxf6 11. c3 Bg5 12. Be2 0-0 13. 0-0 Kh8 14. Nc2 f5 15. exf5 Bxf5 16. Nce3 Bg6 17. a4 bxa4 18. Qxa4 Be8 19. Bxa6 Rf7 20. Qc4 Rfa7 21. b4 Nb8 22. b5 Bxb5 23. Qxb5 Rxa6 24. Rxa6 Nxa6 25. Ra1 Nc5 26. Rxa8 Qxa8 27. Qb6 Bxe3 1/2-1/2

[Event "Saratov Aratovsky Memorial 6th"]
[Site "Saratov"]
[Date "2006.11.27"]
[Round "1"]
[White "Dusenov, Ruslan"]
[Black "Chernyshov, Konstantin"]
[Result "1-0"]
[WhiteElo "2300"]
[BlackElo "2560"]
[PlyCount "59"]
[EventDate "2006.11.27"]
[EventType "swiss"]
[EventRounds "9"]
[EventCountry "RUS"]
[SourceTitle "EXT 2008"]
[Source "ChessBase"]
[SourceDate "2007.11.25"]
[SourceVersion "1"]
[SourceVersionDate "2007.11.25"]
[SourceQuality "1"]

1. e4 g6 2. d4 Bg7 3. Nc3 a6 4. Be3 b5 5. Qd2 Bb7 6. f3 d6 7. 0-0-0 Nd7 8. h4 Rc8 9. h5 c5 10. g4 Qa5 11. h6 Bf6 12. Kb1 Nb6 13. e5 b4 14. Ne4 c4 15. exf6 Bxe4 16. fxe4 Nxf6 17. d5 Nbd7 18. g5 Ng4 19. Bh3 c3 20. Qd4 Nxe3 21. Qxe3 cxb2 22. Ne2 Rc4 23. Bxd7+ Kxd7 24. Qh3+ e6 25. dxe6+ fxe6 26. Nd4 Qe5 27. Qd3 Rhc8 28. Nf3 Qc5 29. Qxc4 Qxc4 30. Ne5+ 1-0

[Event "RUS-ch U18"]
[Site "Dagomys"]
[Date "2004.04.??"]
[Round "4"]
[White "Dusenov, Ruslan"]
[Black "Ekdyshman, Mikhail"]
[Result "0-1"]
[WhiteElo "2266"]
[BlackElo "2434"]
[PlyCount "70"]
[EventDate "2004.04.??"]
[EventType "swiss"]
[EventRounds "10"]
[EventCountry "RUS"]
[SourceTitle "EXT 2005"]
[Source "ChessBase"]
[SourceDate "2004.11.15"]
[SourceVersion "1"]
[SourceVersionDate "2004.11.15"]
[SourceQuality "1"]

1. e4 c5 2. Nf3 g6 3. d4 cxd4 4. Nxd4 Nc6 5. Nc3 Bg7 6. Be3 Nf6 7. Nxc6 bxc6 8. e5 Ng8 9. Bd4 Qa5 10. e6 Nf6 11. exd7+ Bxd7 12. Bc4 Rd8 13. Bxf6 Bxf6 14. Qf3 Qf5 15. Qe2 Qg4 16. 0-0 Bxc3 17. bxc3 Qxe2 18. Bxe2 Bf5 19. Bf3 Kd7 20. Rab1 Kc7 21. Rfe1 Rhe8 22. Be4 Rd2 23. Bxf5 gxf5 24. Rb2 Rb8 25. Rxb8 Kxb8 26. Kf1 e6 27. Rb1+ Kc7 28. Rb2 e5 29. Ke1 Rd5 30. Rb4 f4 31. Ke2 a5 32. Rb3 e4 33. c4 Rh5 34. h3 Rc5 35. Rc3 Kd6 0-1

[Event "RUS-ch U18"]
[Site "Dagomys"]
[Date "2004.04.??"]
[Round "2"]
[White "Kalinichev, Andrey"]
[Black "Dusenov, Ruslan"]
[Result "1/2-1/2"]
[WhiteElo "2348"]
[BlackElo "2266"]
[PlyCount "45"]
[EventDate "2004.04.??"]
[EventType "swiss"]
[EventRounds "10"]
[EventCountry "RUS"]
[SourceTitle "EXT 2005"]
[Source "ChessBase"]
[SourceDate "2004.11.15"]
[SourceVersion "1"]
[SourceVersionDate "2004.11.15"]
[SourceQuality "1"]

1. d4 d5 2. Bg5 Nf6 3. e3 e6 4. c4 c5 5. cxd5 exd5 6. dxc5 Bxc5 7. Nc3 d4 8. exd4 Bxd4 9. Bb5+ Nc6 10. Nf3 Qe7+ 11. Be2 Bxc3+ 12. bxc3 0-0 13. 0-0 h6 14. Bh4 Bf5 15. Nd4 Be4 16. Bf3 Rfe8 17. Bxe4 Qxe4 18. Bxf6 gxf6 19. Nxc6 Qxc6 20. Qg4+ Kh8 21. Qf4 Kg7 22. Qg4+ Kh8 23. Qf4 1/2-1/2

[Event "RUS-ch U18"]
[Site "Dagomys"]
[Date "2004.04.??"]
[Round "6"]
[White "Zolotukhin, Valery"]
[Black "Dusenov, Ruslan"]
[Result "1/2-1/2"]
[WhiteElo "2106"]
[BlackElo "2266"]
[PlyCount "58"]
[EventDate "2004.04.??"]
[EventType "swiss"]
[EventRounds "10"]
[EventCountry "RUS"]
[SourceTitle "EXT 2005"]
[Source "ChessBase"]
[SourceDate "2004.11.15"]
[SourceVersion "1"]
[SourceVersionDate "2004.11.15"]
[SourceQuality "1"]

1. e4 c5 2. Nf3 d6 3. d4 cxd4 4. Nxd4 Nf6 5. Nc3 g6 6. Be3 Bg7 7. f3 Nc6 8. Qd2 0-0 9. 0-0-0 d5 10. Kb1 Nxd4 11. e5 Nd7 12. Bxd4 Nxe5 13. Qe3 Nc6 14. Bxg7 Kxg7 15. Nxd5 Be6 16. Qc3+ f6 17. Bc4 Qc8 18. Rhe1 Rd8 19. Rd2 Na5 20. Qxa5 Qxc4 21. b3 Rxd5 22. bxc4 Rxa5 23. Rxe6 Kf7 24. Re3 Re8 25. Rd7 b6 26. Kb2 f5 27. Kb3 Kf6 28. f4 h5 29. Rd6+ e6 1/2-1/2